• 首页
  • 本馆介绍
  • 公告通知
  • 最新文献
  • 馆藏检索
  • 电子资源
  • 读者荐购
  • 参考咨询
  • CALIS
  • 我的图书馆
  • 登录
  • 详细信息显示
  • 放入我的书架
  • 预约/预借图书
  • 作者相关作品
  • 分类相关作品
  • 丛书相关作品
  • 出版社相关作品

书目信息

  • 表格格式
  • 工作单格式
  • 卡片格式
题名:
建筑场景硬笔手绘表现艺术
    
 
作者: 薛昊 著
分册:  
出版信息: 北京   海洋出版社  2013
页数: 167页
开本: 26cm
丛书名:
单 册:
中图分类: TU204.11
科图分类:
主题词: 建筑画--绘画技法 , 绘画技法 , 建筑画
电子资源:
ISBN: 978-7-5027-8661-8
 
 
 
 
 
000 00995nam0 2200265 450
001 141851
005 20141111141354.12
010    @a978-7-5027-8661-8@dCNY 39.00
100    @a20131126d2013 em y0chiy50 ea
101 0  @achi
102    @aCN@b110000
105    @aa z 000yy
200 1  @a建筑场景硬笔手绘表现艺术@9jian zhu chang jing ying bi shou hui biao xian yi shu@b专著@f薛昊著
210    @a北京@c海洋出版社@d2013
215    @a167页@d26cm
300    @a21世纪设计基础新主张
300    @a“十二五”全国数字艺术设计专业精品课程教材 16
330    @a本书通过对国外建筑、中国传统建筑、现代建筑、工矿企业和建筑配景等场景的手绘表现训练,提高设计师对建筑场景敏锐的观察力。通过对建筑场景的形态构造、造型比例、材料色彩及周围关系加以提炼、概括、取舍、表现,培养设计师的造型审美能力和创造能力。
606 0  @a建筑画@x绘画技法
606 0  @a绘画技法
606 0  @a建筑画
690    @aTU204.11@v5
701  0 @a薛昊@9xue hao@f(1969~)@4著
801 0  @c20141111
905    @a241430@dTU204.11@eX949
    
    建筑场景硬笔手绘表现艺术/薛昊著.-北京:海洋出版社,2013
    167页;26cm
    21世纪设计基础新主张.-“十二五”全国数字艺术设计专业精品课程教材 16
    
    ISBN 978-7-5027-8661-8:CNY 39.00
    本书通过对国外建筑、中国传统建筑、现代建筑、工矿企业和建筑配景等场景的手绘表现训练,提高设计师对建筑场景敏锐的观察力。通过对建筑场景的形态构造、造型比例、材料色彩及周围关系加以提炼、概括、取舍、表现,培养设计师的造型审美能力和创造能力。
●
相关链接 在E读中查询图书 在当当中查询图书 在豆瓣中查询图书


正题名:建筑场景硬笔手绘表现艺术     索取号:TU204.11/X949         预约/预借

序号 登录号 条形码 馆藏地/架位号 状态 备注
1 0839169   208391694   建筑库101/101建筑库 111排3列4层/ [索取号:TU204.11/X949] 在馆    
2 0839170   208391701   建筑库101/101建筑库 111排3列4层/ [索取号:TU204.11/X949] 在馆    
3 0839171   208391710   建筑库101/101建筑库 111排3列4层/ [索取号:TU204.11/X949] 在馆    
河南城建学院图书馆 欢迎您!
大连网信软件有限公司© 版权所有